000 16297cam a2203157 a 4500
999 _c56200
001 11274329
003 LIBRIS
005 20210302122638.0
008 090112s2009 sw a||||||||||000 0|swe|c
020 _a9789144051604
035 _a(Mo)b1722709
040 _aHig
_dS
_ea
041 _aswe
050 4 _aQA 278
082 4 _a519.5
083 _a519.535
_222/swe
084 _a62
_2msc
084 _a62H
_2msc
084 _aOi:dd
_2kssb/8
084 _aThic
_2kssb/8
084 _a62
_2msc
084 _a62H
_2msc
084 _aOi:dd
_2kssb/8
084 _aThic
_2kssb/8
084 _aThic
_2kssb/8
084 _aOi:dd
_2kssb/8
084 _aThic
245 1 0 _aStatistisk verktygslåda 2 :
_bmultivariat analys /
_credaktörer: Göran Djurfeldt, Mimmi Barmark.
250 _a1. uppl.
264 1 _aStockholm :
_bStudentlitteratur,
_c2009
264 3 _aPolen
300 _a335 s.
_bill.
_c23 cm
500 _5Mo
_asvenska
611 2 4 _aBestsköv
650 7 _aStatistisk metod
_0https://id.kb.se/term/sao/Statistisk%20metod
_2sao
650 7 _aMultivariat analys
_0https://id.kb.se/term/sao/Multivariat%20analys
_2sao
650 2 _aStatistics
650 2 _aMethods
650 2 _aMultivariate Analysis
650 7 _astatistical methods
_2agrovoc
650 7 _amultivariate analysis
_2agrovoc
650 4 _aStatistics
650 4 _aMultivariate analysis
650 0 _aMultivariate analysis
650 0 _aStatistics
650 4 _aStatistisk metod
650 4 _aMultivariat analys
650 4 _aStatistics
650 4 _aMultivariate analysis
650 4 _aStatistisk metod
650 7 _aStatistisk metod
_0https://id.kb.se/term/sao/Statistisk%20metod
_2sao
650 7 _aMultivariat analys
_0https://id.kb.se/term/sao/Multivariat%20analys
_2sao
653 _aStatistical methods
653 _aMultivariate analysis
653 _aMulitvariat analys
653 _aStatistisk metod
655 4 _5Mo
_aBok
698 _a20090220
700 1 _aDjurfeldt, Göran,
_d1945-
_4edt
_0https://libris.kb.se/1zcfdmjk4p38b40#it
700 1 _aBarmark, Mimmi,
_d1975-
_4edt
_0https://libris.kb.se/64jmvztq1lx0dgs#it
852 _dTh
887 _a{"@id":"m5zzjjzz06w84cv","modified":"2016-03-15T09:34:53+01:00","checksum":"269487587881"}
_2librisxl
887 _a{"@id":"rw38kjqx363wp5w","modified":"2010-11-12T10:06:16+01:00","checksum":"47476851520"}
_2librisxl
887 _a{"@id":"mr06xxms54pfwmz","modified":"2017-03-20T10:22:50+01:00","checksum":"26566433593"}
_2librisxl
887 _a{"@id":"chpp1wqj1q8lj22","modified":"2009-10-27T13:39:17+01:00","checksum":"164187751229"}
_2librisxl
887 _a{"@id":"7ckl6qdd1k9632b","modified":"2009-08-04T14:09:59+02:00","checksum":"166570451643"}
_2librisxl
887 _a{"@id":"15chx1t64lg11pz","modified":"2021-02-19T15:30:16.547+01:00","checksum":"25552714777"}
_2librisxl
887 _a{"@id":"x28qt2v30frg3rl","modified":"2013-01-22T14:45:36+01:00","checksum":"73613387535"}
_2librisxl
887 _a{"@id":"mrz20c6s54mwz6f","modified":"2011-06-22T13:12:24+02:00","checksum":"174410974044"}
_2librisxl
887 _a{"@id":"15cdwg363847bg4","modified":"2009-07-06T08:42:47+02:00","checksum":"28376505281"}
_2librisxl
887 _a{"@id":"9fmpccrg06g2m3s","modified":"2020-01-31T13:12:30.753+01:00","checksum":"51277617293"}
_2librisxl
887 _a{"@id":"sx47mh9z395jghg","modified":"2010-03-11T15:29:24+01:00","checksum":"153978528591"}
_2librisxl
887 _a{"@id":"kpwzb9xq4p7scd2","modified":"2020-12-04T13:54:36.668+01:00","checksum":"176855124759"}
_2librisxl
887 _a{"@id":"bl08h2f88r6b80qm","modified":"2020-11-23T16:35:14.687+01:00","checksum":"53866560202"}
_2librisxl
887 _a{"@id":"z39tkpq4292tlzh","modified":"2020-06-05T10:20:35.295+02:00","checksum":"175104044727"}
_2librisxl
887 _a{"@id":"jnvvl9hp4bmmbsz","modified":"2017-02-08T11:22:45+01:00","checksum":"34716608284"}
_2librisxl
887 _a{"@id":"9fmmzw2g3ntgh91","modified":"2019-11-19T11:28:00.124+01:00","checksum":"45422114408"}
_2librisxl
887 _a{"@id":"kpwwd2pq3gf83zx","modified":"2020-12-03T10:10:22.184+01:00","checksum":"171636982376"}
_2librisxl
887 _a{"@id":"48ggq32905sdfhr","modified":"2009-01-28T14:08:44+01:00","checksum":"122640092383"}
_2librisxl
887 _a{"@id":"9fmpj8jg4rmlmkt","modified":"2009-08-28T10:09:39+02:00","checksum":"94809063684"}
_2librisxl
887 _a{"@id":"v06680111mr5zq8","modified":"2017-11-23T16:03:22+01:00","checksum":"137910326050"}
_2librisxl
887 _a{"@id":"bgnn1p6h0z5mqgk","modified":"2013-03-12T16:35:52+01:00","checksum":"48775733153"}
_2librisxl
887 _a{"@id":"jnvw7ncp2vv9sz7","modified":"2020-02-26T14:08:02.13+01:00","checksum":"177798819397"}
_2librisxl
887 _a{"@id":"qv2f2z9w5n74nvt","modified":"2012-02-08T15:34:49+01:00","checksum":"50809395464"}
_2librisxl
887 _a{"@id":"48ggsph94q2rzfh","modified":"2009-02-03T14:42:59+01:00","checksum":"131239436669"}
_2librisxl
887 _a{"@id":"pt1lzkjv3h9vsrn","modified":"2013-11-19T09:12:04+01:00","checksum":"37965082604"}
_2librisxl
887 _a{"@id":"9fmqkf5g2wgqp22","modified":"2013-04-30T09:11:05+02:00","checksum":"59351990856"}
_2librisxl
887 _a{"@id":"ns116v1t2mf9pxq","modified":"2016-05-09T15:02:35+02:00","checksum":"41782235275"}
_2librisxl
887 _a{"@id":"48hzggv90vbvh9p","modified":"2018-04-20T11:37:57+02:00","checksum":"33626406454"}
_2librisxl
887 _a{"@id":"x2881rv35chkgn8","modified":"2009-04-06T10:46:46+02:00","checksum":"68478942230"}
_2librisxl
887 _a{"@id":"9fmmxv2g34vp115","modified":"2014-08-07T08:33:40+02:00","checksum":"35959107328"}
_2librisxl
887 _a{"@id":"15cfb4662htshtm","modified":"2013-11-04T12:28:23+01:00","checksum":"129729796976"}
_2librisxl
887 _a{"@id":"48gg3n0907f6xqd","modified":"2009-03-16T13:36:01+01:00","checksum":"125596316333"}
_2librisxl
887 _a{"@id":"rw3m1d9x4bnnhxz","modified":"2013-07-17T11:10:22+02:00","checksum":"144858382911"}
_2librisxl
887 _a{"@id":"rw33gxgx222lqnm","modified":"2014-12-09T14:38:29+01:00","checksum":"45326910184"}
_2librisxl
887 _a{"@id":"hmtt5bwn1jqmzhp","modified":"2019-07-04T10:20:59.188+02:00","checksum":"172320797974"}
_2librisxl
887 _a{"@id":"w177km623q7k4sv","modified":"2017-10-23T15:36:32+02:00","checksum":"161099880507"}
_2librisxl
887 _a{"@id":"ns009zft018qthh","modified":"2017-10-25T11:21:11+02:00","checksum":"28075096310"}
_2librisxl
887 _a{"@id":"sx45htgz5nqg6qq","modified":"2014-02-25T09:54:24+01:00","checksum":"159419818593"}
_2librisxl
887 _a{"@id":"ns00lpnt0kx3fnf","modified":"2018-01-08T12:09:59+01:00","checksum":"36797632004"}
_2librisxl
887 _a{"@id":"v066hp112gtd3kj","modified":"2016-12-15T15:25:26+01:00","checksum":"162736312451"}
_2librisxl
887 _a{"@id":"9fmmxx4g3k6gg6r","modified":"2016-12-15T15:25:26+01:00","checksum":"153342143366"}
_2librisxl
887 _a{"@id":"ns005hbt491v27n","modified":"2011-09-23T14:16:21+02:00","checksum":"36991825740"}
_2librisxl
887 _a{"@id":"04bbkgd55jrwzlj","modified":"2016-10-17T14:59:57+02:00","checksum":"37821128731"}
_2librisxl
887 _a{"@id":"hmtz3bfn5914qvj","modified":"2010-05-12T10:01:54+02:00","checksum":"207047489959"}
_2librisxl
887 _a{"@id":"mr0g88vs1911s4m","modified":"2018-05-14T13:06:10+02:00","checksum":"52157952628"}
_2librisxl
887 _a{"@id":"7ckkx3wd4vgwxzj","modified":"2019-08-15T14:08:25.564+02:00","checksum":"154827113258"}
_2librisxl
887 _a{"@id":"sx47f8gz3w5c6j8","modified":"2019-12-02T13:03:10.705+01:00","checksum":"150789494214"}
_2librisxl
887 _a{"@id":"04bwm7g52zdggz0","modified":"2020-01-28T12:31:15.392+01:00","checksum":"45254428205"}
_2librisxl
887 _a{"@id":"4gcch5kp2d57pkpq","modified":"2020-02-11T15:12:05.092+01:00","checksum":"27468095388"}
_2librisxl
887 _a{"@id":"48gg2rn927scnws","modified":"2011-09-13T08:22:45+02:00","checksum":"110459679691"}
_2librisxl
887 _a{"@id":"w177lwp21g6xmfh","modified":"2020-11-03T16:24:39.922+01:00","checksum":"61080283035"}
_2librisxl
887 _a{"@id":"6bjjtz7c0jvb2d7","modified":"2009-01-29T09:30:55+01:00","checksum":"39596969970"}
_2librisxl
887 _a{"@id":"fkrcwt1l3xxrv4g","modified":"2014-02-17T14:01:06+01:00","checksum":"54250477038"}
_2librisxl
887 _a{"@id":"glsw58fm3j429wg","modified":"2010-02-23T12:52:50+01:00","checksum":"47695568235"}
_2librisxl
887 _a{"@id":"x288rcv300ds7ft","modified":"2009-02-25T11:59:00+01:00","checksum":"168656863423"}
_2librisxl
887 _a{"@id":"04bbtkm557wg4nm","modified":"2015-03-05T13:34:33+01:00","checksum":"79893448880"}
_2librisxl
887 _a{"@id":"tz55j7g006c21h3","modified":"2009-02-13T10:28:58+01:00","checksum":"153819071344"}
_2librisxl
887 _a{"@id":"glsv3x6m09643vs","modified":"2013-07-03T13:38:50+02:00","checksum":"53497855696"}
_2librisxl
887 _a{"@id":"tz55rz505ld0jtj","modified":"2009-03-11T11:01:57+01:00","checksum":"149593974759"}
_2librisxl
887 _a{"@id":"9fmm68lg36tzs2d","modified":"2017-02-06T13:29:16+01:00","checksum":"159047509556"}
_2librisxl
887 _a{"@id":"glssf0fm05v5ss1","modified":"2013-06-14T10:16:31+02:00","checksum":"153069546719"}
_2librisxl
887 _a{"@id":"v06758m12zcqptd","modified":"2019-12-02T13:03:13.225+01:00","checksum":"173526316890"}
_2librisxl
887 _a{"@id":"hmtwv7cn38wcdnc","modified":"2009-09-08T13:27:44+02:00","checksum":"169116493176"}
_2librisxl
887 _a{"@id":"1cc34nmqz79b88jj","modified":"2020-03-06T11:17:15.725+01:00","checksum":"28757306072"}
_2librisxl
887 _a{"@id":"mrzf9q7s19fg204","modified":"2013-01-07T14:07:45+01:00","checksum":"168796568419"}
_2librisxl
887 _a{"@id":"26ddrnz730swdm8","modified":"2019-05-08T09:48:02.882+02:00","checksum":"132578817444"}
_2librisxl
942 _2z
_cBOOK